[Event "Leiden SB-ch 1819"]
[Site "Leiden"]
[Date "2019.03.22"]
[Round "6"]
[White "Van den Bosse, Bart"]
[Black "Molsbergen, Chris"]
[Result "1-0"]
[WhiteElo "1843"]
[BlackElo "1455"]
[PlyCount "85"]
[EventDate "2018.10.19"]
[EventType "swiss"]
[EventRounds "9"]
[EventCountry "NED"]
[SourceTitle "EXT 2023"]
[Source "ChessBase"]
[SourceDate "2022.10.05"]
[SourceVersion "1"]
[SourceVersionDate "2022.10.05"]
[SourceQuality "1"]

1. d4 d5 2. c4 Nf6 3. cxd5 Nxd5 4. e4 Nb6 5. Nc3 e6 6. Nf3 N8d7 7. Bf4 a6 8. Qd2 Be7 9. Be2 0-0 10. 0-0 Nf6 11. Rfd1 c6 12. Qc2 h6 13. a3 Nh5 14. Be3 f5 15. exf5 exf5 16. Ne5 Qe8 17. Qb3+ Nd5 18. Nxd5 cxd5 19. Qxd5+ Kh8 20. f4 Nf6 21. Qb3 b5 22. Bf3 Ne4 23. Bxe4 fxe4 24. Rac1 Rf6 25. Rc2 Bd6 26. Qd5 Be6 27. Qxe4 Bf5 28. Qc6 Bxc2 29. Qxc2 Rc8 30. Qd3 Bxe5 31. dxe5 Rg6 32. f5 Rgc6 33. e6 Rc2 34. Qd7 Qh5 35. e7 Rxg2+ 36. Kxg2 Rc2+ 37. Rd2 Qg4+ 38. Kf2 Qh4+ 39. Ke2 Qg4+ 40. Ke1 Qh4+ 41. Kd1 Rc1+ 42. Kxc1 Qc4+ 43. Rc2 1-0

[Event "Leiden SB-ch"]
[Site "Leiden"]
[Date "2006.06.13"]
[Round "5"]
[White "Siero, Paul"]
[Black "Molsbergen, Chris"]
[Result "0-1"]
[WhiteElo "1187"]
[BlackElo "1516"]
[PlyCount "86"]
[EventDate "2006.05.16"]
[EventType "swiss"]
[EventRounds "7"]
[EventCountry "NED"]
[SourceTitle "EXT 2012"]
[Source "ChessBase"]
[SourceDate "2011.11.24"]
[SourceVersion "1"]
[SourceVersionDate "2011.11.24"]
[SourceQuality "1"]

1. e4 e5 2. Nf3 Nf6 3. Nxe5 d6 4. Nf3 Nxe4 5. d4 d5 6. Bd3 c5 7. dxc5 Bxc5 8. 0-0 0-0 9. Be3 Bxe3 10. fxe3 Qb6 11. Qe2 Qxb2 12. Nbd2 f5 13. c4 dxc4 14. Bxc4+ Kh8 15. Nxe4 Qxe2 16. Bxe2 fxe4 17. Nd4 Rf6 18. Rac1 Na6 19. Rxf6 gxf6 20. Rf1 Kg7 21. g4 Nb4 22. Nf5+ Bxf5 23. gxf5 Nd5 24. Rc1 Nxe3 25. Rc7+ Kh6 26. Rxb7 Nxf5 27. Rb5 Rg8+ 28. Kh1 Kg5 29. Rb1 Kf4 30. Rf1+ Ke5 31. Re1 Nd6 32. a4 f5 33. Rc1 Rg7 34. Rc5+ Kd4 35. Rc6 Kd5 36. Ra6 f4 37. Ra5+ Kd4 38. Ra6 Ke3 39. Rxd6 Kxe2 40. Rd4 Kf2 41. Rd2+ Kf3 42. Rd1 Rg2 43. Rf1+ Rf2 0-1

[Event "Leiden SB-ch"]
[Site "Leiden"]
[Date "2006.05.23"]
[Round "2"]
[White "Molsbergen, Chris"]
[Black "Schenkelaars, Vincent"]
[Result "0-1"]
[WhiteElo "1516"]
[BlackElo "1777"]
[PlyCount "52"]
[EventDate "2006.05.16"]
[EventType "swiss"]
[EventRounds "7"]
[EventCountry "NED"]
[SourceTitle "EXT 2012"]
[Source "ChessBase"]
[SourceDate "2011.11.24"]
[SourceVersion "1"]
[SourceVersionDate "2011.11.24"]
[SourceQuality "1"]

1. e4 d6 2. d4 Nf6 3. Nc3 g6 4. f4 Bg7 5. Nf3 c5 6. e5 Nfd7 7. exd6 cxd4 8. Nb5 Na6 9. Nfxd4 0-0 10. Be2 exd6 11. Nxd6 Qa5+ 12. c3 Nf6 13. Nxc8 Raxc8 14. 0-0 Rfe8 15. Bf3 Qc7 16. f5 Nc5 17. fxg6 hxg6 18. h4 Nce4 19. Re1 Qg3 20. Bg5 Qf2+ 21. Kh2 Qxb2 22. Rb1 Qxa2 23. Rxb7 Qf2 24. Re2 Qg3+ 25. Kg1 Nxc3 26. Rxe8+ Rxe8 0-1

[Event "Leiden SB-ch"]
[Site "Leiden"]
[Date "2003.06.03"]
[Round "3"]
[White "Bon, Peter"]
[Black "Molsbergen, Chris"]
[Result "0-1"]
[WhiteElo "1712"]
[BlackElo "1516"]
[PlyCount "66"]
[EventDate "2003.05.20"]
[EventType "swiss"]
[EventRounds "7"]
[EventCountry "NED"]
[SourceTitle "CBM 095 Extra"]
[Source "ChessBase"]
[SourceDate "2003.09.04"]
[SourceVersion "1"]
[SourceVersionDate "2003.09.04"]
[SourceQuality "1"]

1. e4 c5 2. Nf3 Nc6 3. d4 cxd4 4. Nxd4 g6 5. Nxc6 bxc6 6. Qd4 f6 7. Bc4 e5 8. Qd3 Ne7 9. Nc3 Bb7 10. Be3 d5 11. exd5 cxd5 12. Bb5+ Kf7 13. Bc5 Nf5 14. Bxf8 Rxf8 15. 0-0 Kg7 16. Rfd1 d4 17. Ne4 Qd5 18. f3 Rac8 19. c4 Qe6 20. b3 a6 21. Ba4 Ne3 22. Rdc1 f5 23. Ng3 Qf6 24. b4 Qg5 25. Qd2 h5 26. c5 Bc6 27. Bxc6 Rxc6 28. Re1 h4 29. Nf1 f4 30. Nxe3 fxe3 31. Qe2 Rcf6 32. Rf1 e4 33. fxe4 Rf2 0-1